Joc de nens : (Record no. 136993)

MARC details
000 -CABECERA
campo de control de longitud fija 01359aam a2200361 i 4500
001 - NÚMERO DE CONTROL
campo de control 991000140859706706
003 - IDENTIFICADOR DEL NÚMERO DE CONTROL
campo de control ES-BaIT
005 - FECHA Y HORA DE LA ÚLTIMA TRANSACCIÓN
campo de control 20260203081827.0
008 - DATOS DE LONGITUD FIJA--INFORMACIÓN GENERAL
campo de control de longitud fija 200907s2020 spc 000 d cat|c
015 ## - NÚMERO DE BIBLIOGRAFÍA NACIONAL
Número de bibliografía nacional LL2021
Fuente bnc
017 ## - NÚMERO DE COPYRIGHT O DE DEPÓSITO LEGAL
Número de copyright o de depósito legal DL L 414-2020
Agencia que asigna Biblioteca de Catalunya
020 ## - NÚMERO INTERNACIONAL ESTÁNDAR DEL LIBRO
Número Internacional Estándar del Libro 9788491442196
035 ## - NÚMERO DE CONTROL DEL SISTEMA
Número de control de sistema (ES-BaCBU).b74423186
035 ## - NÚMERO DE CONTROL DEL SISTEMA
Número de control de sistema (OCoLC)1224101087
040 ## - FUENTE DE LA CATALOGACIÓN
Centro catalogador/agencia de origen ES-LlUDL
Lengua de catalogación cat
Normas de descripción rda
Centro/agencia transcriptor ES-LlUDL
Centro/agencia modificador ES-BaBC
080 ## - NÚMERO DE LA CLASIFICACIÓN DECIMAL UNIVERSAL
Número de la Clasificación Decimal Universal 821.134.1-2
Subdivisión auxiliar común "19"
Identificador de la edición 2004
080 ## - NÚMERO DE LA CLASIFICACIÓN DECIMAL UNIVERSAL
Número de la Clasificación Decimal Universal 849.9-2"19"
100 ## - ENTRADA PRINCIPAL--NOMBRE DE PERSONA
Nombre de persona Baldellou, Emili
Término indicativo de función/relación autor
9 (RLIN) 97916
245 10 - MENCIÓN DE TÍTULO
Título Joc de nens :
Resto del título anyada del 85 /
Mención de responsabilidad, etc. Emili Baldellou Pàmpols
264 #1 - PRODUCCIÓN, PUBLICACIÓN, DISTRIBUCIÓN, FABRICACIÓN Y COPYRIGHT
Producción, publicación, distribución, fabricación y copyright Lleida :
Nombre del de productor, editor, distribuidor, fabricante Edicions de la Universitat de Lleida,
Fecha de producción, publicación, distribución, fabricación o copyright [2020]
300 ## - DESCRIPCIÓN FÍSICA
Extensión 89 pàgines ;
Dimensiones 20 cm
336 ## - TIPO DE CONTENIDO
Término de tipo de contenido text
Código de tipo de contenido txt
Fuente rdacontent
337 ## - TIPO DE MEDIO
Nombre/término del tipo de medio sense mediació
Código del tipo de medio n
Fuente rdamedia
338 ## - TIPO DE SOPORTE
Nombre/término del tipo de soporte volum
Código del tipo de soporte nc
Fuente rdacarrier
490 1# - MENCIÓN DE SERIE
Mención de serie Sèrie teatre ;
Designación de volumen o secuencia núm. 14
500 ## - NOTA GENERAL
Nota general P6: D3, H3
502 ## - NOTA DE TESIS
Nota de tesis "Sis excompanys d’escola es retroben a l’antiga aula per celebrar els 25 anys de la seva promoció. Malgrat el temps transcorregut, no han canviat tant com pretenen.Una comèdia àcida sobre qui som." -- Pàgina web editorial
830 ## - PUNTO DE ACCESO ADICIONAL DE SERIE-TÍTULO UNIFORME
Título uniforme Sèrie teatre
Designación de volumen o secuencia 14
9 (RLIN) 101564
907 ## - ELEMENTOS DE DATOS G LOCAL, LDG (RLIN)
a .b74423186
b 09-06-21
c 07-09-20
d 07-09-20
e m
f a
g -
h cat
i spc
j 0
k 0
908 ## - COLOCAR PARÁMETRO DE COMANDO (RLIN)
Colocar parámetro de comando UdL
-- BC
-- CDMAE
940 ## - EQUIVALENCIA O REFERENCIA-CRUZADA--TÍTULO UNIFORME [OBSOLETO] [solamente CAN/MARC]
Título uniforme <a href="UdL">UdL</a>
942 ## - ELEMENTOS DE ENTRADA AGREGADA (KOHA)
Fuente del sistema de clasificación o colocación Clasificación decimal universal
Tipo de ítem Koha Llibre
Holdings
Estado de retiro Estado de pérdida Fuente del sistema de clasificación o colocación Estado dañado No para préstamo Localización permanente Ubicación/localización actual Ubicación en estantería Fecha de adquisición Fuente de adquisición Total de préstamos Signatura topográfica completa Código de barras Fecha visto por última vez Precio válido a partir de Tipo de ítem Koha
    Clasificación decimal universal     Biblioteca Barcelona Biblioteca Barcelona BCN Lliure Accés 03/02/2026 Compra   849 BAL joc 1900089687 03/02/2026 03/02/2026 Llibre
    Clasificación decimal universal     Biblioteca Vic Biblioteca Barcelona OSONA-Vic 03/02/2026 Compra   849 BAL joc 1900089689 03/02/2026 03/02/2026 Llibre
    Clasificación decimal universal     Biblioteca Terrassa Biblioteca Terrassa VALLÈS-J.Oliver 03/02/2026 Compra   849 BAL joc 1900089688 05/02/2026 03/02/2026 Llibre

Powered by Koha